000 00546nam a2200169Ia 4500
008 090711s9999 xx 000 0 und d
082 _b601
100 _aफाटक गणेश उाgऎ.
245 _aमाझी जमीन
260 _bमहाराष्ट्र ग्रंथ भांडार
_c1944
300 _a88
600 _aफाटक गणेश उाgऎ.
630 _aमाझी जमीन
700 _aफाटक गणेश उाgऎ.
730 _aमाझी जमीन
942 _cBOOK
999 _c302368
_d302368